书目信息 |
| 题名: |
反常识
|
|
| 作者: | 瓦茨 著 ;吕琳媛 , 徐舒琪 译 | |
| 分册: | ||
| 出版信息: | 成都 四川科学技术出版社 2019 |
|
| 页数: | 29,273页 | |
| 开本: | 23cm | |
| 丛书名: | ||
| 单 册: | ||
| 中图分类: | C934-49 | |
| 科图分类: | ||
| 主题词: | 决策学--通俗读物 | |
| 电子资源: | ||
| ISBN: | 978-7-5364-9541-8 | |
| 000 | 01056nam0 2200253 450 | |
| 001 | 2046166487 | |
| 005 | 20201106124933.36 | |
| 010 | @a978-7-5364-9541-8@dCNY69.90 | |
| 100 | @a20191111d2019 em y0chiy50 ea | |
| 101 | 1 | @achi@ceng |
| 102 | @aCN@b510000 | |
| 105 | @ay z 000yy | |
| 200 | 1 | @a反常识@9fan chang shi@dEverything is obvious: once you know the answer@f(澳)邓肯·J. 瓦茨(Duncan J. Watts)著@g吕琳媛,徐舒琪译@zeng |
| 210 | @a成都@c四川科学技术出版社@d2019 | |
| 215 | @a29,273页@d23cm | |
| 330 | @a本书根据最新的网络科学研究,以及商业、政治和日常生活中比比皆是、内容翔实的决策案例,揭晓常识带来的4大误区和反常识带来的3大红利,并教授我们学会用反识思维认识并应对这个复杂的世界,跳出常识陷阱,优化你的工作与生活。 | |
| 510 | 1 | @aEverything is obvious: once you know the answer@zeng |
| 606 | 0 | @a决策学@j通俗读物 |
| 690 | @aC934-49@v5 | |
| 701 | 0 | @c(美)@a瓦茨@9wa ci@c(Watts, Duncan J.@f1971~)@4著 |
| 702 | 0 | @a吕琳媛@9lv lin yuan@c(女)@4译 |
| 702 | 0 | @a徐舒琪@9xu shu qi@4译 |
| 801 | @c20201003@aCN | |
| 905 | @aZUCC@dC934-49@eW005 | |
| 反常识=Everything is obvious: once you know the answer/(澳)邓肯·J. 瓦茨(Duncan J. Watts)著/吕琳媛,徐舒琪译.-成都:四川科学技术出版社,2019 |
| 29,273页;23cm |
| ISBN 978-7-5364-9541-8:CNY69.90 |
| 本书根据最新的网络科学研究,以及商业、政治和日常生活中比比皆是、内容翔实的决策案例,揭晓常识带来的4大误区和反常识带来的3大红利,并教授我们学会用反识思维认识并应对这个复杂的世界,跳出常识陷阱,优化你的工作与生活。 |
| ● |
| 相关链接 |
|
|
|
正题名:反常识
索取号:C934-49/W005
 
预约/预借
| 序号 | 登录号 | 条形码 | 馆藏地/架位号 | 状态 | 备注 |
| 1 | 1482144 | 214821442 | 社科库509/509社科库 66排1列5层/ [索取号:C934-49/W005] | 在馆 | |
| 2 | 1482145 | 214821451 | 社科库509/509社科库 66排1列5层/ [索取号:C934-49/W005] | 在馆 | |
| 3 | 1482146 | 214821460 | 社科库509/509社科库 66排1列5层/ [索取号:C934-49/W005] | 在馆 |